Physics- Vol-II / (Record no. 195)

000 -LEADER
fixed length control field 00569nam a2200193Ia 4500
008 - FIXED-LENGTH DATA ELEMENTS--GENERAL INFORMATION
fixed length control field 190805s9999||||xx |||||||||||||| ||und||
020 ## - INTERNATIONAL STANDARD BOOK NUMBER
International Standard Book Number 9788126510894
Terms of availability Rs. 759.00
082 04 - DEWEY DECIMAL CLASSIFICATION NUMBER
Classification number 530
Item number R3121 V.2
100 1# - MAIN ENTRY--PERSONAL NAME
Personal name Halliday, David
245 10 - TITLE STATEMENT
Title Physics- Vol-II /
250 ## - EDITION STATEMENT
Edition statement 5th ed.
260 ## - PUBLICATION, DISTRIBUTION, ETC. (IMPRINT)
Place of publication, distribution, etc New Delhi :
Name of publisher, distributor, etc Wiley India Pvt. Ltd,
Date of publication, distribution, etc 2016
300 ## - PHYSICAL DESCRIPTION
Extent ix, 1198 p.
Other physical details : ill.
Dimensions ; 28 cm.
650 #0 - SUBJECT ADDED ENTRY--TOPICAL TERM
Topical term or geographic name as entry element Physics
700 1# - ADDED ENTRY--PERSONAL NAME
Personal name Krane, Kenneth S.
700 1# - ADDED ENTRY--PERSONAL NAME
Personal name Resnick, Rober
852 ## - LOCATION/CALL NUMBER
Location
942 ## - ADDED ENTRY ELEMENTS (KOHA)
Item type Books
Holdings
Withdrawn status Lost status Damaged status Not for loan Collection code Permanent location Current location Shelving location Date acquired Source of acquisition Cost, normal purchase price Full call number Barcode Date last seen Koha item type Public note Source of classification or shelving scheme
        Physics IMU Kochi Library IMU Kochi Library General Stacks 2017-06-30 Educational Supplies 759.00 530 R3121 V.2 BK003735 2019-08-05 Books Gen. Shelf-9, Row-4  
        Physics IMU Kochi Library IMU Kochi Library General Stacks 2017-06-30 Educational Supplies 759.00 530 R3121 V.2 BK003736 2019-08-05 Books Gen. Shelf-9, Row-4  
        Physics IMU Kochi Library IMU Kochi Library General Stacks 2017-06-30 Educational Supplies 759.00 530 R3121 V.2 BK003734 2019-08-05 Books Gen. Shelf-9, Row-4  
        Physics IMU Kochi Library IMU Kochi Library General Stacks 2012-03-29 Ajith Book Stall (Inv. No. 8346 Dt 2012-03-23) 529.00 530 R3121 V.2 BK000327 2019-09-30 Books Gen. Shelf-9, Row-4  
        Physics IMU Kochi Library IMU Kochi Library General Stacks 2012-03-29 Ajith Book Stall (Inv. No. 8346 Dt 2012-03-23) 529.00 530 R3121 V.2 BK000328 2019-09-30 Books Gen. Shelf-9, Row-4  


Copyright © All Rights Reserved by Indian Maritime University, Kochi Campus.
For any Suggestions/Query Contact to library or Email: library.kochi@imu.ac.in Ph:(0484)-2989402
(Web OPAC Designed by Rudra Ranjan. Maintained by IMU Kochi Library)

Powered by Koha